| 000 | 03603nam0a2200409 4500 | ||
|---|---|---|---|
| 001 | RU\NLR\BIBL_A\022720471 | ||
| 005 | 20260403164138.0 | ||
| 010 |
_a978-5-317-07465-4 _930 |
||
| 021 |
_aRU _bКН-П-25-073330 _9КН-П-25-7103 |
||
| 035 | _a(NLR Aleph) 022720471 | ||
| 090 |
_a13650148 _c13650148 |
||
| 100 | _a20260205d2025 k y0rusy50 ca | ||
| 101 | 0 | _arus | |
| 102 | _aRU | ||
| 105 | _aa z 100zy | ||
| 181 | 0 |
_ai3 _baxxe |
|
| 182 | 0 | _an | |
| 200 | 1 |
_aКоммуникации в глобальном мире: эффективность и безопасность _dCommunications in the global world: efficiency and safety _eсборник статей Международной конференции в рамках международного межвузовского постоянно действующего студенческого семинара _fРоссийский университет транспорта (МИИТ), кафедра экономической теории и менеджмента, Гродненский государственный университет имени Янки Купалы, факультет экономики и управления, Кыргызский национальный университет имени Жусупа Баласагына, Высшая школа экономики, Институт переподготовки и повышения квалификации кадров, Московский государственный университет имени М. В. Ломоносова, социологический факультет, кафедра экономической социологии и менеджмента _gредакционная коллегия: Ю. В. Панько, канд. экон. наук, доцент [и др.] _zeng |
|
| 203 |
_aТекст _bвизуальный _cнепосредственный |
||
| 210 |
_aМосква _cМАКС Пресс _d2025 |
||
| 215 |
_a243 с. _cил., табл. _d21 |
||
| 320 | _aБиблиогр. в конце ст. | ||
| 510 | 1 |
_aCommunications in the global world: efficiency and safety _zeng |
|
| 606 | 1 |
_aЭкономика _jСборники _2nlr_sh1 _2nlr_sh2 _3RU\NLR\AUTH\66284709 |
|
| 606 | 1 |
_aКоммуникации социальные _jСборники _2nlr_sh1 _2nlr_sh2 _3RU\NLR\AUTH\661249852 |
|
| 686 | 1 | _aУ.я43 | |
| 686 | 1 | _aС550.74я43 | |
| 702 | 1 |
_aПанько _bЮ. В. _gЮлия Владимировна _4340 |
|
| 711 | 1 | 2 |
_a"Коммуникации в глобальном мире: проблемы интеграции и взаимодействия", международный межвузовский студенческий семинар _f2025 _eМосква _3RU\NLR\AUTH\880638672 |
| 712 | 0 | 2 |
_aРоссийский университет транспорта _bКафедра "Экономическая теория и менеджмент" _3RU\NLR\AUTH\880497672 _4557 |
| 712 | 0 | 2 |
_aГродненский государственный университет им. Я. Купалы _bФакультет экономики и управления _3RU\NLR\AUTH\880531551 _4557 |
| 712 | 0 | 2 |
_aКыргызский национальный университет им. Ж. Баласагына _cБишкек _bВысшая школа экономики _3RU\NLR\AUTH\880623712 _4557 |
| 942 | _cBOOK | ||
| 980 | _aNB | ||